Správa o vývoji hospodárstva v okrese Rimavská Sobota za 1. štvrťrok ...

Bibliographic Details
Corporate Author: Slovensko. Štatistický úrad. Okresné oddelenie Rimavská Sobota
Format: Serial
Language:Slovak
PhysicalDescription:zv. grafy, tab. 21 cm
Published: Rimavská Sobota Okresné oddelenie Štatistického úradu SR
Series:Bulletin
Subjects:

MARC

LEADER 00000nas a2200000 a 4500
001 vtls011888788
003 SK-MaSNL
005 20260228164535.0
008 190923d199u199uxo ar| r 0 b0slo
040 |a SNK  |b slo  |c SNK  |e AACR2 
041 0 |a slo 
043 |a e-xo--- 
044 |a xo  |c SK 
072 7 |a 33  |x Ekonómia  |2 konspekt 
080 |a 330.34  |2 2011 
080 |a (437.6)  |2 2011 
080 |a 050  |2 2001 
080 |a (048.8:083.41)  |2 2011 
080 |a (036)  |2 2011 
110 1 |a Slovensko.  |b Štatistický úrad.  |b Okresné oddelenie Rimavská Sobota  |9 158189 
245 1 0 |a Správa o vývoji hospodárstva v okrese Rimavská Sobota za 1. štvrťrok ... 
260 |a Rimavská Sobota  |b Okresné oddelenie Štatistického úradu SR 
300 |a zv.  |b grafy, tab.  |c 21 cm 
310 |a 1x ročne 
490 1 |a Bulletin 
500 |a Popis podľa: R. 1993 
500 |a Súčasťou názvu je označenie kalendárneho roku 
515 |a Na tit. str. v r. 1996 uvedené: Správa o vývoji hospodárstva ... za 1. štvrťrok 1995 - správne ... za 1. štvrťrok 1996 
650 0 7 |a ekonomický rozvoj  |2 SNKPH  |9 49952 
651 7 |a Rimavská Sobota (Slovensko : okres)  |2 SNKPHgeo  |9 65043 
655 7 |a štatistické prehľady  |2 SNKPH  |9 70689 
655 7 |a informačné publikácie  |2 SNKPH  |9 70181 
830 |a Bulletin  |9 274137 
910 |a snk 
999 |c 13974  |d 15904 
952 |0 0  |1 0  |4 0  |7 0  |8 0  |a SNK  |b SNK  |d 2019-09-24  |i snk2019/23673  |l 0  |o snkČSD 2024/K/1993  |p 17A1370656  |r 2026-02-21 21:52:27  |w 2026-02-21  |y PREZ 
952 |0 0  |1 0  |4 0  |7 0  |8 0  |a SNK  |b SNK  |d 2019-09-24  |i snk2019/23674  |l 0  |o snkČSD 2024/K/1994  |p 17A1370657  |r 2026-02-21 21:52:27  |w 2026-02-21  |y PREZ 
952 |0 0  |1 0  |4 0  |7 0  |8 0  |a SNK  |b SNK  |d 2019-09-24  |i snk2019/23675  |l 0  |o snkČSD 2024/K/1995  |p 17A1370658  |r 2026-02-21 21:52:27  |w 2026-02-21  |y PREZ 
952 |0 0  |1 0  |4 0  |7 0  |8 0  |a SNK  |b SNK  |d 2019-09-24  |i snk2019/23676  |l 0  |o snkČSD 2024/K/1996  |p 17A1370659  |r 2026-02-21 21:52:27  |w 2026-02-21  |y PREZ